Birmingham-Shuttlesworth Int. Destinations (Birmingham, AL, USA) - Statistics

General Stats
  • This quiz has been taken 77 times
    34 since last reset
  • The average score is 20 of 22
Answer Stats
Airline Destination % Correct
Delta Air Lines Atlanta
100%
American Airlines/American Eagle Charlotte
100%
American Airlines/American Eagle Dallas/Fort Worth
100%
Southwest Airlines Dallas (Love)
100%
Southwest Airlines Houston (Hobby)
100%
United Express Houston (Intercontinental)
100%
American Airlines/American Eagle Miami
100%
Southwest Airlines/United Express Denver
96%
Delta Connection/Spirit Airlines Detroit
96%
American Eagle/Delta Connection New York (LaGuardia)
96%
American Eagle Washington (National)
96%
Southwest Airlines Baltimore
92%
Southwest Airlines Chicago (Midway)
92%
American Eagle/United Express Chicago (O'Hare)
92%
Southwest Airlines Orlando
92%
American Eagle Philadelphia
85%
Spirit Airlines Fort Lauderdale
81%
Spirit Airlines Newark
81%
Southwest Airlines Tampa
81%
Southwest Airlines Nashville
73%
Southwest Airlines Phoenix (Sky Harbor)
73%
Southwest Airlines Las Vegas
62%
No matching quizzes found
Score Distribution
Percent of People with Each Score
Percentile by Number Answered
Your Score History
You have not taken this quiz since the last reset